000 00550cam a22002054a 4500
005 20250731113205.0
008 250528s ||||||||||||||||||||||||d
035 _a22613
020 _a9780130895714
040 _aGR-AtMCL
_bgre
_dGR-AtMCL
_eAACR2
245 1 _aC++ HOW TO PROGRAMM: INTRODUCING OBJECT-ORIENTED DESIGN WITH THE UML
250 _a3
260 _bPrentice Hall,
_c2001
300 _a1168
700 1 _aDeitel, Harvey M.,
_d1945-
_91838
700 1 _aDeitel, Paul J.
_91839
942 _cBK
999 _c7661
_d7661